Historia Constitucional Argentina /

Guardado en:
Autor Principal: López Rosas, José R.
Formato: Libro
Idioma:Spanish
Publicado: Buenos Aires : Depalma, 1981.
Edición:3a. ed. act. y amp. 4a. reimp.
Materias:
Etiquetas: Agregar Etiqueta
Sin Etiquetas, Sea el primero en etiquetar este registro!
LEADER 00543nam a22001695a 4500
001 DER.der013836
008 190506s1981####ag############000#0#spa#d
005 20251222133544.0
245 1 0 |a Historia Constitucional Argentina /  |c José Rafael López Rosas. 
250 |a 3a. ed. act. y amp. 4a. reimp. 
260 |a Buenos Aires :  |b Depalma,  |c 1981. 
300 |a 708 p. 
500 |a Tapa restaurada. 
100 1 |a López Rosas, José R. 
650 7 |a DERECHO CONSTITUCIONAL 
653 |a HISTORIA CONSTITUCIONAL 
859 |a DERECHO  |b BIB. DERECHO  |h 342.029  |i LOP  |p 001587